000 00406nam a2200145 a 4500
001 000033694
005 20200930070440.0
008 110906s1898 fr a 000 0 fre d
040 _aDO-SdBNP
_bspa
_cBNPHU
082 _axxx
_bR487c
100 1 _aRicard, M
_959148
245 1 0 _aChristophe Colomb /
_cM. Ricard.
260 _aTours, Francia :
_bAlfred Mame et Fils,
_c1898.
300 _a399 p. :
_bil. ;
_c30 cm.
999 _c33185
_d33185